Securing Our Borders and Wilderness Act : report together with dissenting views (to accompany H.R. 3593) (including cost estimate of the Congressional Budget Office).

Bibliographic Details
Corporate Author: United States. Congress. House. Committee on Natural Resources (Author)
Format: Government Document eBook
Language:English
Published: [Washington, D.C.] : [U.S. Government Publishing Office], [2018]-
Series:Report / 115th Congress, 2d session, House of Representatives ; 115-1070
Subjects:
Online Access:https://purl.fdlp.gov/GPO/gpo113332

MARC

Tag First Indicator Second Indicator Subfields
LEADER 00000cam a2200000 i 4500
001 in00004052607
005 20191030142843.0
006 m o d f
007 cr bn||||a||||
008 181218m20189999dcu ob f000 0 eng c
035 |a (OCoLC)on1079366484 
042 |a pcc 
043 |a n-us-ut 
040 |a GPO  |b eng  |e rda  |e pn  |c GPO  |d GPO  |d MERUC  |d OCLCF  |d IAD  |d OCLCO  |d UPM  |d GPO  |d MvI 
049 |a WWW 
050 4 |a KF32  |b .N38 2018zzzzzj 
074 |a 1008-I (online) 
086 0 |a Y 1.1/8:115-1070/ 
110 1 |a United States.  |b Congress.  |b House.  |b Committee on Natural Resources,  |e author. 
245 1 0 |a Securing Our Borders and Wilderness Act :  |b report together with dissenting views (to accompany H.R. 3593) (including cost estimate of the Congressional Budget Office). 
264 1 |a [Washington, D.C.] :  |b [U.S. Government Publishing Office],  |c [2018]- 
300 |a 1 online resource (volumes). 
336 |a text  |b txt  |2 rdacontent 
337 |a computer  |b c  |2 rdamedia 
338 |a online resource  |b cr  |2 rdacarrier 
490 1 |a Report / 115th Congress, 2d session, House of Representatives ;  |v 115-1070 
588 |a Description based on online resource, PDF version; title from part 1 PDF title screen (govinfo web site, viewed on Dec. 18, 2018). 
500 |a "December 10, 2018"--Pt. 1. 
610 2 0 |a U.S. Customs and Border Protection  |x Rules and practice. 
610 2 7 |a U.S. Customs and Border Protection.  |2 fast  |0 (OCoLC)fst01429649 
650 0 |a Border security  |x Law and legislation  |z United States. 
650 0 |a Wilderness areas  |x Law and legislation  |z United States. 
650 0 |a Interagency coordination  |z United States. 
650 7 |a Border security  |x Law and legislation.  |2 fast  |0 (OCoLC)fst01902598 
650 7 |a Interagency coordination.  |2 fast  |0 (OCoLC)fst01739579 
650 7 |a Wilderness areas  |x Law and legislation.  |2 fast  |0 (OCoLC)fst01175173 
651 7 |a United States.  |2 fast  |0 (OCoLC)fst01204155 
655 7 |a Legislative materials.  |2 fast  |0 (OCoLC)fst01774285 
655 7 |a Rules.  |2 fast  |0 (OCoLC)fst01423857 
655 7 |a Legislative materials.  |2 lcgft 
776 0 8 |i Microfiche version:  |a United States. Congress. House. Committee on Natural Resources.  |t Securing Our Borders and Wilderness Act  |w (OCoLC)1113868099 
776 0 8 |i Print version:  |a United States. Congress. House. Committee on Natural Resources.  |t Securing Our Borders and Wilderness Act  |w (OCoLC) 1080583313 
810 1 |a United States.  |b Congress.  |b House.  |t Report ;  |v 115-1070. 
856 4 0 |u https://purl.fdlp.gov/GPO/gpo113332  |t 0 
999 f f |s 140ff3d5-7f37-30b0-8f0e-8d3cd7f8e9b8  |i f4327c06-2c56-30e3-b899-9823ce193cc9  |t 0 
952 f f |a Texas A&M University  |b College Station  |c Electronic Resources  |d Available Online  |t 0  |e Y 1.1/8:115-1070/  |h Superintendent of Documents classification 
998 f f |a Y 1.1/8:115-1070/  |t 0  |l Available Online